愛回到最初

資料類型: Book 圖書   書目號:26733

Leader xxxxxxxxxx
001 __ PCLIS00026733
005 __ 20220222152538.0
010 0_ |a957-607-547-5|b平裝|dNT$220
100 __ |a20010601d2000    m  y0chiy09      e
101 0_ |achi
102 __ |atw
105 __ |aag  z   000ay
200 1_ |a愛回到最初|dReflestion of love|f光禹編
205 __ |a初版
210 __ |a臺北市|c圓神|d2000[民89]
215 0_ |a287, [9]面|c|d22公分
225 1_ |a圓神叢書|v320
306 __ |a2001年128刷
681 __ |a857.61|b865
681 __ |a857.61|b8650 88
702 _0 |a光禹|4801 _0 |atw|b內湖高中|c20010622|gCCR
詳細館藏(共 1 筆)
索 書 號登 錄 號冊次號館別 / 館藏地流通類型狀態加入預約清單電子資源
857.61 / 865 2010700  圖書館 / 一樓普通區 可外借30天 在館   

| 條列資料




目錄查詢 分類查詢 個人資料 圖書薦購 新書查詢 閉館日 排行榜 更多電子資源 Hami書城 線上資料庫 登出

From : 216.73.217.52

  本日流通累計至 05:33:22 借閱 : 0 次 續借 : 0 次 歸還 : 0 次 預約 : 0 次 電子資源 : 0 次


內湖高中圖書館  PCLIS 版本  26.5.0.12